000 00680nam a22001937a 4500
003 AM-YeHGA
005 20250617154041.0
008 180504s xxu||||| |||| 00| 0 rus d
040 _aAM-YeHGA
041 0 _arus
100 1 _aНиколаев, В.А.
245 1 0 _aТурбогенераторы судовых электростанций /
_cВ.А. Николаев.
260 _a[Ленинград] :
_bСудпромгиз,
_c1950.
300 _a264 с. :
_bил.
653 0 _aСудовые турбогенераторы - Проектирование
653 0 _aСудовые электродвигатели
942 _2udc
_cBK
090 _c406000
999 _c403773
_d403773